Statistics for Countries With Most Combat Aircraft

Click here to take the quiz!

General Stats

  • This quiz has been taken 115 times
  • The average score is 12 of 15

Answer Stats

#Country% Correct
1,337Russia
100%
3,680United States
100%
2,571China
99%
395France
93%
777Japan
91%
928India
87%
587South Korea
87%
337Iran
81%
563North Korea
80%
460Pakistan
79%
335Turkey
77%
440Israel
76%
313Saudi Arabia
74%
569Egypt
67%
485Taiwan
57%

Score Distribution

Percentile by Number Answered

Percent of People with Each Score

Your Score History

You have not taken this quiz